000 00474nam a2200193 i 4500
001 bgj
100 1 _aDOYLE, Roddy
_d(1958- ).
245 1 0 _aThe Van /
_cRoddy Doyle.
260 _aLondon :
_bQuality Paperbacks Direct,
_c1991.
300 _a311 pp ;
_c22 cm.
650 9 _aFriendship
650 9 _aHumorous stories
651 9 _aDublin (|Ireland)
655 _aFiction
040 _cBPK
041 0 _aeng
942 _cKS
008 s uk f |000 0 eng
999 _c48846
_d48846
856 _uhttp://koha.tu.koszalin.pl/cgi-bin/koha/opac-detail.pl?biblionumber=48846
_yKatalog online BPK